Principles of economics / (Record no. 182630)

MARC details
000 -LEADER
fixed length control field 00783nam a2200241Ia 4500
003 - CONTROL NUMBER IDENTIFIER
control field OSt
005 - DATE AND TIME OF LATEST TRANSACTION
control field 20260122162805.0
008 - FIXED-LENGTH DATA ELEMENTS--GENERAL INFORMATION
fixed length control field 210716s2010 xx 000 0 und d
020 ## - INTERNATIONAL STANDARD BOOK NUMBER
International Standard Book Number 9780080618299
040 ## - CATALOGING SOURCE
Transcribing agency AIMIT LIBRARY
041 ## - LANGUAGE CODE
Language code of text/sound track or separate title eng
082 ## - DEWEY DECIMAL CLASSIFICATION NUMBER
Classification number 330
Edition number 3
Item number FRAR
100 ## - MAIN ENTRY--PERSONAL NAME
Personal name Frank, Robert H.
9 (RLIN) 252259
245 ## - TITLE STATEMENT
Title Principles of economics /
Statement of responsibility, etc. By Robert H Frank and Ben S Bernanke.
250 ## - EDITION STATEMENT
Edition statement 3rd ed.
260 ## - PUBLICATION, DISTRIBUTION, ETC.
Place of publication, distribution, etc. New Delhi :
Name of publisher, distributor, etc. Tata McGraw Hill Publishing Company Ltd ,
Date of publication, distribution, etc. 2010.
300 ## - PHYSICAL DESCRIPTION
Extent xxxix,901,G-9,I-27p. ;
Other physical details PB
Dimensions 28.3 cm
650 ## - SUBJECT ADDED ENTRY--TOPICAL TERM
Topical term or geographic name entry element Competition and the invisible hand
9 (RLIN) 252260
650 ## - SUBJECT ADDED ENTRY--TOPICAL TERM
Topical term or geographic name entry element Economics of public policy
9 (RLIN) 252261
650 ## - SUBJECT ADDED ENTRY--TOPICAL TERM
Topical term or geographic name entry element The economy in the long run
9 (RLIN) 252262
700 ## - ADDED ENTRY--PERSONAL NAME
Personal name Ben S Bernanke.
9 (RLIN) 252263
942 ## - ADDED ENTRY ELEMENTS (KOHA)
Source of classification or shelving scheme Dewey Decimal Classification
Koha item type Book
Edition 3rd
Call number prefix 330 FRAR
Holdings
Withdrawn status Lost status Damaged status Not for loan Collection code Home library Current library Date acquired Source of acquisition Total Checkouts Full call number Barcode Date last seen Price effective from Koha item type
        MCA St Aloysius Institute of Management & Information Technology St Aloysius Institute of Management & Information Technology 07/16/2021 Donated   330 FRAR MCA02138 05/23/2026 07/16/2021 Book